| 000 | 00542nam a2200181Ia 4500 | ||
|---|---|---|---|
| 003 | GCL | ||
| 008 | 140319s9999 xx 000 0 ara d | ||
| 040 |
_aGCL / _cGCL |
||
| 082 | 0 | 4 |
_a255.4 _bا خ |
| 100 | 1 | _aاحمد فتحى بهنسى | |
| 245 | 1 | 0 |
_aالخمر والمخدرات فى الاسلام / _cاحمد فتحى بهنسى |
| 300 | _a176 ص | ||
| 490 |
_aمع الاسلام _v0 |
||
| 650 | 0 | 4 | _aالاسلام |
| 650 | 0 | 4 | _aالشريعة الاسلامية |
| 650 | 0 | 4 | _aالمشروبات الروحية |
| 942 |
_2ddc _cBK |
||
| 999 |
_c42702 _d42702 |
||